000 00964cgm a2200265 4500
001 J460
008 090401t1992 xxu||||| |||| 00| 0 eng d
035 _a(Sirsi) u75102
041 _aeng
050 _a333.72
110 _aRoyal Institution of Chartered Surveyors
_94900
245 _aGreen issues and environmental assessment procedures (sound recording).
260 _aLondon
_bRoyal Institution of Chartered Surveyors
_c1992
300 _a1 sound cassette (60 min.)
350 _a8.7
490 _aOwlion Audio Programme
520 _aDiscusses some of the main environmental issues affecting surveyors and then puts forward a case for a more structured approach for undertaking and using environmental assessments.
650 _aAUDIO CASSETTES
650 _aCONSERVATION
650 _aPROPERTY DEVELOPMENT
690 _aENVIRONMENTAL AND LAND CONSULTANCY
710 _aCollege of Estate Management
_9400
942 _n0
948 _c04/03/1997
999 _c85336
_d85336